| 000 | 00453nam a22001697a 4500 | ||
|---|---|---|---|
| 999 |
_c525961 _d525961 |
||
| 003 | NUST | ||
| 020 | _qH/B | ||
| 038 | _awaseem | ||
| 082 |
_a891.421 _bMAH |
||
| 100 |
_aMahmood, Mahmood Ali _97172 |
||
| 245 |
_aDivay Di Loo / _cMahmood Ali Mahmood |
||
| 260 |
_aIslamabad : _bQalimkar Publications, _c2014. |
||
| 300 | _a248 p. ; | ||
| 880 |
_6100-01\r _aمحمود علی محمود |
||
| 880 |
_6245-02\r _aدِیوے دی لو / |
||
| 942 |
_2ddc _cBK |
||